| 000 | 00979cam a2200181 4500 | ||
|---|---|---|---|
| 008 | 000000n2003 000 0 eng u | ||
| 020 | _a1900858908 | ||
| 035 | _a(Sirsi) u121767 | ||
| 110 |
_aBuilding Maintenance Information _93229 |
||
| 245 |
_aEconomic significance of maintenance _bmaintenance expenditure 1992-2001 |
||
| 260 |
_aLondon _bBMI _c2003 |
||
| 300 |
_a12p. _bill. _c30cm. |
||
| 490 |
_aBMI Special Report _v318 |
||
| 520 | _aObjective of this report is to estimate the annual national expenditure on maintenance work on a consistent basis and to compare the results with the value of the stock to be maintained and the general level of national expenditure. This item is part of a subscription service and cannot be photocopied. Neither can any part of it be read over the phone. Please contact BMI direct on t +44 (0)20 7695 1500 for details. | ||
| 650 | _aMAINTENANCE EXPENDITURE | ||
| 690 | _aBUILDING AND CONSTRUCTION-REPAIRS AND MAINTENANCE | ||
| 942 | _n0 | ||
| 999 |
_c102730 _d102730 |
||